[Event "Korcsoportos Bajnokság u18f"]
[Site "Balatonlelle"]
[Date "2015.06.21"]
[Round "4.3"]
[White "Grimm, Gyorgy"]
[Black "Csati, Oliver"]
[Result "1/2-1/2"]
[WhiteElo "2122"]
[BlackElo "2131"]
[PlyCount "34"]
[EventDate "2015.06.18"]
[EventType "swiss"]
[EventRounds "7"]
[EventCountry "HUN"]
[WhiteClock "1:35:16"]
[BlackClock "0:50:29"]

1. Nf3 d5 2. g3 g6 3. Bg2 Bg7 4. d4 c6 5. O-O Nf6 6. b3 O-O 7. Bb2 Bf5 8. c4
Nbd7 9. Nc3 dxc4 10. bxc4 Nb6 11. c5 Nc4 12. Bc1 Nd5 13. Qb3 Na5 14. Qa3 Nc4
15. Qb3 Na5 16. Qa3 Nc4 17. Qb3 Na5 1/2-1/2

[Event "Korcsoportos Bajnokság u18f"]
[Site "Balatonlelle"]
[Date "2015.06.21"]
[Round "4.4"]
[White "Berta, Sandor"]
[Black "Radai, Zoltan Mate"]
[Result "1-0"]
[WhiteElo "2217"]
[BlackElo "1911"]
[PlyCount "63"]
[EventDate "2015.06.18"]
[EventType "swiss"]
[EventRounds "7"]
[EventCountry "HUN"]
[WhiteClock "0:02:01"]
[BlackClock "0:00:46"]

1. Nf3 d5 2. g3 g6 3. Bg2 Bg7 4. d4 Nf6 5. O-O O-O 6. c4 c6 7. b3 Bf5 8. Bb2
Nbd7 9. Nc3 Ne4 10. Nxe4 Bxe4 11. Bh3 Bxf3 12. exf3 dxc4 13. bxc4 c5 14. Qb3
cxd4 15. Qb5 Nb6 16. Rfd1 e5 17. f4 exf4 18. c5 Qd5 19. Rac1 fxg3 20. hxg3 Qh5
21. Bg2 Rfd8 22. Bxb7 Rab8 23. Qa6 Na4 24. Qxa4 Rxb7 25. Ba3 Qd5 26. Re1 Rbb8
27. c6 Rbc8 28. c7 Rd7 29. Rc5 Qd6 30. Rce5 Qxc7 31. Re8+ Bf8 32. Bxf8 1-0

[Event "Korcsoportos Bajnokság u18f"]
[Site "Balatonlelle"]
[Date "2015.06.21"]
[Round "4.5"]
[White "Laza, Szabolcs"]
[Black "Egri, Laszlo Jr"]
[Result "1/2-1/2"]
[WhiteElo "2156"]
[BlackElo "2161"]
[PlyCount "33"]
[EventDate "2015.06.18"]
[EventType "swiss"]
[EventRounds "7"]
[EventCountry "HUN"]
[WhiteClock "1:03:11"]
[BlackClock "1:17:06"]

1. d4 Nf6 2. c4 c5 3. d5 e6 4. Nc3 exd5 5. cxd5 d6 6. e4 g6 7. h3 Bg7 8. Nf3 a6
9. a4 Nbd7 10. Bd3 Nh5 11. O-O Ne5 12. Be2 Nxf3+ 13. Bxf3 Qh4 14. Bxh5 gxh5 15.
Ra3 Rg8 16. Ne2 Be5 17. Qd3 1/2-1/2

[Event "Korcsoportos Bajnokság u18f"]
[Site "Balatonlelle"]
[Date "2015.06.21"]
[Round "4.6"]
[White "Majnay, Peter"]
[Black "Csendi, Balazs"]
[Result "1/2-1/2"]
[WhiteElo "1757"]
[BlackElo "1907"]
[PlyCount "29"]
[EventDate "2015.06.18"]
[EventType "swiss"]
[EventRounds "7"]
[EventCountry "HUN"]

1. e4 Nc6 2. Nf3 d5 3. exd5 Qxd5 4. Nc3 Qa5 5. d4 Bg4 6. Bb5 O-O-O 7. Bxc6 bxc6
8. Bd2 Qh5 9. Qe2 Bxf3 10. gxf3 Nf6 11. Qa6+ Kb8 12. O-O-O Qxf3 13. Be3 Nd5 14.
Qxc6 Qf6 15. Qxf6 1/2-1/2

[Event "Korcsoportos Bajnokság u18f"]
[Site "Balatonlelle"]
[Date "2015.06.21"]
[Round "4.7"]
[White "Benedeczky, Lehel"]
[Black "Kassay, Krisztian"]
[Result "1-0"]
[WhiteElo "2105"]
[BlackElo "2123"]
[PlyCount "79"]
[EventDate "2015.06.18"]
[EventType "swiss"]
[EventRounds "7"]
[EventCountry "HUN"]
[WhiteClock "0:37:41"]
[BlackClock "0:09:02"]

1. d4 Nf6 2. Nf3 e6 3. c4 b6 4. g3 Ba6 5. b3 Bb4+ 6. Bd2 Be7 7. Bg2 c6 8. O-O
O-O 9. Bf4 d5 10. Nbd2 Nh5 11. Bxb8 Rxb8 12. e4 Nf6 13. e5 Nd7 14. Re1 b5 15.
c5 Re8 16. b4 f6 17. exf6 Bxf6 18. Bh3 Nf8 19. Ne5 Bxe5 20. dxe5 Bc8 21. Nb3
Ng6 22. f4 Bd7 23. Qd2 Ne7 24. Nd4 Qc8 25. a4 a6 26. Ra3 g6 27. axb5 axb5 28.
Ra7 Nf5 29. Bxf5 gxf5 30. Rea1 Rb7 31. Qa2 Qc7 32. Rxb7 Qxb7 33. Qa7 Rb8 34.
Ra6 Kf8 35. Qxb7 Rxb7 36. Nxc6 Bxc6 37. Rxc6 Ke7 38. Ra6 h6 39. Kf2 Rb8 40.
Ra7+ 1-0

[Event "Korcsoportos Bajnokság u18f"]
[Site "Balatonlelle"]
[Date "2015.06.21"]
[Round "4.8"]
[White "Toth, Kristof Istvan"]
[Black "Marton, Benedek"]
[Result "1-0"]
[WhiteElo "1988"]
[BlackElo "1514"]
[PlyCount "59"]
[EventDate "2015.06.18"]
[EventType "swiss"]
[EventRounds "7"]
[EventCountry "HUN"]
[WhiteClock "0:27:10"]
[BlackClock "0:42:26"]

1. e4 e5 2. Nf3 Nc6 3. Bc4 Bc5 4. O-O Nf6 5. d3 h6 6. c3 O-O 7. d4 exd4 8. cxd4
Bb6 9. e5 Ne8 10. d5 Ne7 11. b3 Bc5 12. Nc3 a6 13. Ne4 Ba7 14. a4 b5 15. axb5
axb5 16. Be3 bxc4 17. Bxa7 cxb3 18. Qxb3 Kh8 19. d6 Nc6 20. Bc5 Rxa1 21. Rxa1
cxd6 22. Nxd6 Nxd6 23. Bxd6 Re8 24. Qxf7 Re6 25. Bf8 Re7 26. Bxe7 Qxe7 27. Qxe7
Nxe7 28. Ra7 Nc6 29. Rc7 Ne7 30. e6 1-0

[Event "Korcsoportos Bajnokság u18f"]
[Site "Balatonlelle"]
[Date "2015.06.21"]
[Round "4.9"]
[White "Kiss, Peter"]
[Black "Varga, Richard"]
[Result "1-0"]
[WhiteElo "2004"]
[BlackElo "2097"]
[PlyCount "65"]
[EventDate "2015.06.18"]
[EventType "swiss"]
[EventRounds "7"]
[EventCountry "HUN"]
[WhiteClock "0:09:17"]
[BlackClock "0:58:40"]

1. e4 c5 2. Nf3 d6 3. c3 Nf6 4. h3 Nc6 5. Bd3 g6 6. Bc2 Qa5 7. O-O Bg7 8. d4
cxd4 9. cxd4 O-O 10. Nc3 b5 11. e5 Ne8 12. Be4 Bb7 13. Bg5 f6 14. Qb3+ Kh8 15.
Bd2 b4 16. Nd5 f5 17. Bd3 Nxd4 18. Nxd4 Bxd5 19. Bxb4 Bxb3 20. Bxa5 Bd5 21. f4
dxe5 22. fxe5 Bxe5 23. Bc3 Bf6 24. Ne2 e5 25. Rfd1 Rd8 26. Bb5 Nc7 27. Ba4 Kg7
28. Ba5 Bc4 29. Bxc7 Rc8 30. Bd6 Bxe2 31. Bxf8+ Kxf8 32. Rd2 Ba6 33. Rd6 1-0

[Event "Korcsoportos Bajnokság u18f"]
[Site "Balatonlelle"]
[Date "2015.06.22"]
[Round "5.1"]
[White "Juhasz, Armin"]
[Black "Kaczur, Florian"]
[Result "1/2-1/2"]
[WhiteElo "2301"]
[BlackElo "2332"]
[PlyCount "35"]
[EventDate "2015.06.18"]
[EventType "swiss"]
[EventRounds "7"]
[EventCountry "HUN"]
[WhiteClock "0:30:19"]
[BlackClock "0:41:56"]

1. Nf3 c5 2. c4 Nc6 3. e3 Nf6 4. Nc3 e5 5. Be2 d5 6. d4 cxd4 7. exd4 exd4 8.
Nxd4 Bb4 9. O-O dxc4 10. Nxc6 Qxd1 11. Rxd1 bxc6 12. Bxc4 O-O 13. Be3 Re8 14.
h3 Nd7 15. Rac1 Nb6 16. Bf1 Be6 17. a3 Be7 18. Ba6 1/2-1/2

[Event "Korcsoportos Bajnokság u18f"]
[Site "Balatonlelle"]
[Date "2015.06.22"]
[Round "5.2"]
[White "Orosz, Andras"]
[Black "Farkas, Richard"]
[Result "1/2-1/2"]
[WhiteElo "2310"]
[BlackElo "2277"]
[PlyCount "21"]
[EventDate "2015.06.18"]
[EventType "swiss"]
[EventRounds "7"]
[EventCountry "HUN"]

1. c4 c5 2. Nc3 Nc6 3. Nf3 g6 4. e3 Nf6 5. d4 cxd4 6. exd4 d5 7. cxd5 Nxd5 8.
Qb3 e6 9. Bb5 Bg7 10. Bg5 Qb6 11. O-O 1/2-1/2

[Event "Korcsoportos Bajnokság u18f"]
[Site "Balatonlelle"]
[Date "2015.06.22"]
[Round "5.3"]
[White "Csati, Oliver"]
[Black "Berta, Sandor"]
[Result "1-0"]
[WhiteElo "2131"]
[BlackElo "2217"]
[PlyCount "71"]
[EventDate "2015.06.18"]
[EventType "swiss"]
[EventRounds "7"]
[EventCountry "HUN"]
[WhiteClock "0:16:56"]
[BlackClock "0:04:27"]

1. e4 c5 2. Nf3 Nc6 3. d4 cxd4 4. Nxd4 Qb6 5. Nb3 Nf6 6. Nc3 e6 7. Bd3 a6 8.
O-O Be7 9. Be3 Qc7 10. f4 d6 11. Qf3 h5 12. Kh1 Ng4 13. Bg1 b5 14. a4 b4 15.
Nd1 g5 16. Ne3 gxf4 17. Nxg4 hxg4 18. Qxf4 Ne5 19. Bd4 g3 20. Qxg3 Bb7 21. Bxe5
dxe5 22. c3 bxc3 23. Rac1 Bb4 24. bxc3 Be7 25. c4 Bc6 26. a5 O-O-O 27. Rxf7 Qd7
28. Be2 Ba4 29. c5 Qb7 30. c6 Bxc6 31. Rxe7 Qxe7 32. Rxc6+ Kd7 33. Rxa6 Qf6 34.
Nc5+ Kc8 35. Rc6+ Kb8 36. Qb3+ 1-0

[Event "Korcsoportos Bajnokság u18f"]
[Site "Balatonlelle"]
[Date "2015.06.22"]
[Round "5.5"]
[White "Majnay, Peter"]
[Black "Laza, Szabolcs"]
[Result "0-1"]
[WhiteElo "1757"]
[BlackElo "2156"]
[PlyCount "130"]
[EventDate "2015.06.18"]
[EventType "swiss"]
[EventRounds "7"]
[EventCountry "HUN"]
[WhiteClock "0:00:34"]
[BlackClock "0:13:20"]

1. e4 c5 2. Nf3 d6 3. d4 cxd4 4. Nxd4 Nf6 5. Nc3 Nc6 6. Bg5 e6 7. Qd2 a6 8.
O-O-O Bd7 9. f4 b5 10. Bxf6 gxf6 11. Kb1 Qb6 12. g3 Nxd4 13. Qxd4 Qxd4 14. Rxd4
Bc6 15. Bg2 f5 16. Re1 O-O-O 17. Rd2 fxe4 18. Nxe4 Kc7 19. Ng5 Rd7 20. Bxc6
Kxc6 21. Nf3 Bg7 22. g4 h6 23. h4 Kc7 24. Ree2 Rhd8 25. c3 Re8 26. Rd1 Rde7 27.
Nd4 Bxd4 28. cxd4 Kc6 29. Kc2 Kd5 30. Kd3 Rc7 31. Ke3 Rec8 32. Rdd2 Rc1 33. g5
Rh8 34. Rh2 Re1+ 35. Kf3 Re4 36. h5 hxg5 37. fxg5 Rxd4 38. Rdg2 e5 39. h6 Rf4+
40. Ke3 Ke6 41. h7 Kf5 42. Rh6 Re4+ 43. Kf3 Rf4+ 44. Ke3 Rg4 45. Rgh2 Rg3+ 46.
Kf2 Rxg5 47. Rxd6 Rg6 48. Rh5+ Kg4 49. Rxg6+ Kxh5 50. Rg7 f6 51. Ra7 Kg6 52.
Rxa6 Rxh7 53. Kg3 Rd7 54. Rb6 Rd3+ 55. Kg4 Rd4+ 56. Kf3 b4 57. Ke3 Kf5 58. a4
bxa3 59. bxa3 Ra4 60. Rb3 Rh4 61. Ke2 Rh2+ 62. Ke1 e4 63. a4 Ra2 64. Rb4 Kf4
65. Rb6 f5 0-1

[Event "Korcsoportos Bajnokság u18f"]
[Site "Balatonlelle"]
[Date "2015.06.22"]
[Round "5.6"]
[White "Csendi, Balazs"]
[Black "Benedeczky, Lehel"]
[Result "0-1"]
[WhiteElo "1907"]
[BlackElo "2105"]
[PlyCount "82"]
[EventDate "2015.06.18"]
[EventType "swiss"]
[EventRounds "7"]
[EventCountry "HUN"]

1. e4 c6 2. d4 d5 3. Nc3 dxe4 4. Nxe4 Bf5 5. Ng3 Bg6 6. h4 h6 7. h5 Bh7 8. Nf3
Nd7 9. Bd3 Bxd3 10. Qxd3 e6 11. Bf4 Qa5+ 12. Bd2 Qc7 13. O-O-O Ngf6 14. Qe2
O-O-O 15. Ne4 Nxe4 16. Qxe4 Nf6 17. Qe2 Rd5 18. Ne5 Rxd4 19. Ba5 Rxd1+ 20. Rxd1
Qxa5 21. Nxf7 Qxa2 22. Nxh8 Bb4 23. c3 Bxc3 24. Nf7 Qa1+ 25. Kc2 Qxb2+ 26. Kd3
Qb5+ 27. Ke3 Qc5+ 28. Kd3 e5 29. Nd6+ Kc7 30. Nc4 Bd4 31. Qa2 e4+ 32. Ke2 Qxh5+
33. Kd2 Bxf2 34. Kc1 Qg5+ 35. Kb1 e3 36. Nd6 Nd5 37. Ne4 Qe7 38. Qa5+ Kc8 39.
Nxf2 exf2 40. Rf1 Qe4+ 41. Kc1 Qc4+ 0-1

[Event "Korcsoportos Bajnokság u18f"]
[Site "Balatonlelle"]
[Date "2015.06.22"]
[Round "5.7"]
[White "Kassay, Krisztian"]
[Black "Toth, Kristof Istvan"]
[Result "1-0"]
[WhiteElo "2123"]
[BlackElo "1988"]
[PlyCount "79"]
[EventDate "2015.06.18"]
[EventType "swiss"]
[EventRounds "7"]
[EventCountry "HUN"]
[WhiteClock "1:04:14"]
[BlackClock "0:00:39"]

1. e4 c5 2. Nf3 d6 3. d4 cxd4 4. Nxd4 Nf6 5. Nc3 g6 6. Be3 Bg7 7. f3 O-O 8. Qd2
Nc6 9. Bc4 Bd7 10. O-O-O Ne5 11. Bb3 Rc8 12. h4 Nc4 13. Bxc4 Rxc4 14. g4 Qa5
15. Nb3 Qa6 16. Kb1 Rfc8 17. h5 Rxc3 18. bxc3 Bxg4 19. e5 Bxf3 20. exf6 Bxf6
21. hxg6 hxg6 22. Bd4 e5 23. Qf2 Qe2 24. Qxe2 Bxe2 25. Rd2 Bh5 26. Bxa7 Be7 27.
Kb2 f5 28. Bf2 Rc4 29. Na5 Rf4 30. Rg1 e4 31. Nxb7 Rf3 32. Nxd6 Rxf2 33. Rxf2
Bxd6 34. Rxf5 Kh7 35. Rf7+ Kh6 36. a4 e3 37. a5 e2 38. a6 Bc5 39. Re1 g5 40. a7
1-0

[Event "Korcsoportos Bajnokság u18f"]
[Site "Balatonlelle"]
[Date "2015.06.22"]
[Round "5.8"]
[White "Radai, Zoltan Mate"]
[Black "Varga, Richard"]
[Result "1/2-1/2"]
[WhiteElo "1911"]
[BlackElo "2097"]
[PlyCount "31"]
[EventDate "2015.06.18"]
[EventType "swiss"]
[EventRounds "7"]
[EventCountry "HUN"]
[WhiteClock "0:58:32"]
[BlackClock "1:13:40"]

1. d4 Nf6 2. Nf3 e6 3. c4 b6 4. g3 Bb7 5. Bg2 Be7 6. Nc3 d5 7. Ne5 O-O 8. O-O
c6 9. Bf4 Nbd7 10. cxd5 Nxe5 11. Bxe5 Nxd5 12. e4 Nxc3 13. bxc3 Qd7 14. Qa4
Rfd8 15. Rfd1 Bd6 16. Bxd6 1/2-1/2

[Event "Korcsoportos Bajnokság u18f"]
[Site "Balatonlelle"]
[Date "2015.06.22"]
[Round "5.9"]
[White "Marton, Benedek"]
[Black "Kiss, Peter"]
[Result "1-0"]
[WhiteElo "1514"]
[BlackElo "2004"]
[PlyCount "163"]
[EventDate "2015.06.18"]
[EventType "swiss"]
[EventRounds "7"]
[EventCountry "HUN"]
[WhiteClock "0:05:00"]
[BlackClock "0:05:45"]

1. Nf3 b6 2. g3 Bb7 3. Bg2 e6 4. O-O Nf6 5. d3 d5 6. Bg5 h6 7. Bf4 Nbd7 8. d4
Ne4 9. Nbd2 g5 10. Be3 f5 11. Nxe4 dxe4 12. Nd2 Nf6 13. c3 Nd5 14. Nc4 Ba6 15.
Qa4+ b5 16. Qxa6 bxc4 17. Qxe6+ Ne7 18. Qxc4 Rb8 19. Rab1 Qd6 20. Bd2 Nd5 21.
Qa4+ c6 22. e3 g4 23. c4 Nf6 24. h3 gxh3 25. Bxh3 Rg8 26. Be1 h5 27. Qxa7 Bh6
28. c5 Qd8 29. Ba5 Qc8 30. Qc7 h4 31. Qxc8+ Rxc8 32. Bd2 Ng4 33. Bxg4 Rxg4 34.
Kh2 Kd7 35. Rg1 Rcg8 36. Rbc1 R8g5 37. Rg2 Bg7 38. Rc4 Rg6 39. a4 Bf6 40. b4
Bd8 41. b5 Bc7 42. Be1 hxg3+ 43. fxg3 f4 44. exf4 Bxf4 45. Rcc2 Be3 46. Bf2 Bf4
47. b6 e3 48. Be1 Bb8 49. Rc4 Rf6 50. Rg1 e2 51. Kg2 Re6 52. Kf3 Rge4 53. a5
Re3+ 54. Kf2 Ra3 55. Rc2 Ree3 56. g4 Bg3+ 57. Kg2 Bf4 58. Rh1 Ra1 59. Kf2 Re7
60. Kf3 Bb8 61. Rxe2 Ra3+ 62. Kf2 Bg3+ 63. Kf1 Rf7+ 64. Kg2 Bxe1 65. Rhxe1 Rxa5
66. Kg3 Rb5 67. g5 Rb4 68. Re4 Rg7 69. Kg4 Rb2 70. Re5 Rg2+ 71. Kf4 Rf7+ 72.
Ke4 Rb2 73. g6 Rg7 74. Rg5 Re7+ 75. Re5 Rg7 76. Rg1 Re2+ 77. Kf5 Rf2+ 78. Kg5
Rg8 79. Rf5 Re2 80. Rf6 Rb2 81. Rd6+ Kc8 82. Rxc6+ 1-0

[Event "Korcsoportos Bajnokság u18f"]
[Site "Balatonlelle"]
[Date "2015.06.23"]
[Round "6.1"]
[White "Kaczur, Florian"]
[Black "Orosz, Andras"]
[Result "1-0"]
[WhiteElo "2332"]
[BlackElo "2310"]
[PlyCount "61"]
[EventDate "2015.06.18"]
[EventType "swiss"]
[EventRounds "7"]
[EventCountry "HUN"]
[WhiteClock "0:35:00"]
[BlackClock "0:00:37"]

1. e4 e5 2. Nf3 Nf6 3. Nxe5 d6 4. Nf3 Nxe4 5. c4 Be7 6. d4 O-O 7. Bd3 Nf6 8.
O-O Bg4 9. h3 Bh5 10. Nc3 Re8 11. Re1 Nbd7 12. g4 Bg6 13. Bxg6 hxg6 14. Qb3 b6
15. Qa4 Nb8 16. Bg5 c6 17. Re3 Qc7 18. Rae1 Kf8 19. Bxf6 gxf6 20. b4 a6 21. b5
Ra7 22. bxc6 Qxc6 23. Qb3 Rc8 24. Nd5 Bd8 25. Re8+ Qxe8 26. Rxe8+ Kxe8 27. h4
Kf8 28. h5 Kg7 29. Qe3 Rxc4 30. h6+ Kh7 31. Qe8 1-0

[Event "Korcsoportos Bajnokság u18f"]
[Site "Balatonlelle"]
[Date "2015.06.23"]
[Round "6.2"]
[White "Farkas, Richard"]
[Black "Csati, Oliver"]
[Result "0-1"]
[WhiteElo "2277"]
[BlackElo "2131"]
[PlyCount "216"]
[EventDate "2015.06.18"]
[EventType "swiss"]
[EventRounds "7"]
[EventCountry "HUN"]

1. e4 e5 2. Nf3 Nc6 3. Nc3 Nf6 4. Bb5 Nd4 5. Ba4 Nxf3+ 6. Qxf3 c6 7. O-O g6 8.
d3 Bg7 9. Bb3 O-O 10. h3 d6 11. Qe2 Nh5 12. Be3 Kh8 13. Rad1 Qh4 14. d4 f5 15.
f3 Ng3 16. Qe1 f4 17. Bf2 exd4 18. Ne2 Nxe2+ 19. Qxe2 Qg5 20. h4 Qe7 21. Bxd4
Be5 22. Qf2 Be6 23. Rd2 Bxb3 24. axb3 b6 25. Rfd1 Rad8 26. Rd3 Rf6 27. Bxe5
Qxe5 28. Qd4 Qxd4+ 29. Rxd4 Re6 30. Kf2 Kg7 31. Rc4 Rc8 32. b4 b5 33. Rc3 Kf6
34. Ra1 Rc7 35. Ra6 c5 36. Ra5 Re5 37. Rxb5 cxb4 38. Rxc7 Rxb5 39. Ke2 Rh5 40.
Rxa7 Rxh4 41. Rb7 Rh1 42. Rxb4 Rg1 43. Kf2 Rd1 44. c3 Rd2+ 45. Kg1 h5 46. b3
Rc2 47. Rc4 Kg5 48. Rc6 Kh4 49. Rxd6 g5 50. e5 Kg3 51. Kf1 Rc1+ 52. Ke2 Rxc3
53. e6 Kxg2 54. Rd5 Re3+ 55. Kd2 g4 56. fxg4 hxg4 57. Rd4 Kf3 58. Rd3 Kf2 59.
Rd4 Kf3 60. Rd3 Kf2 61. Rd4 Kg3 62. Rd3 Rxd3+ 63. Kxd3 f3 64. e7 f2 65. e8=Q
f1=Q+ 66. Kd4 Qf4+ 67. Kd3 Qf3+ 68. Kd2 Qxb3 69. Qe1+ Kf4 70. Qf2+ Qf3 71. Qh2+
Qg3 72. Qh6+ Kf3 73. Kd3 Kg2+ 74. Kc4 Qf3 75. Kb4 g3 76. Qd2+ Qf2 77. Qd5+ Kf1
78. Qd3+ Ke1 79. Qb1+ Kd2 80. Qb2+ Kd3 81. Qb3+ Ke4 82. Qe6+ Kf4 83. Qf6+ Kg4
84. Qg6+ Kh3 85. Qh5+ Kg2 86. Qd5+ Qf3 87. Qd2+ Kh1 88. Qc1+ Kh2 89. Qh6+ Kg2
90. Qd2+ Kf1 91. Qc1+ Kf2 92. Qd2+ Qe2 93. Qf4+ Kg2 94. Ka5 Qe1+ 95. Ka4 Qd1+
96. Kb4 Qd5 97. Qe3 Kh3 98. Qh6+ Kg2 99. Qe3 Qd6+ 100. Ka4 Kh2 101. Qe1 Qd4+
102. Ka5 g2 103. Qe2 Qd5+ 104. Ka4 Kh1 105. Qf2 g1=Q 106. Qh4+ Kg2 107. Qg4+
Kf1 108. Qf4+ Ke2 0-1

[Event "Korcsoportos Bajnokság u18f"]
[Site "Balatonlelle"]
[Date "2015.06.23"]
[Round "6.3"]
[White "Laza, Szabolcs"]
[Black "Juhasz, Armin"]
[Result "0-1"]
[WhiteElo "2156"]
[BlackElo "2301"]
[PlyCount "50"]
[EventDate "2015.06.18"]
[EventType "swiss"]
[EventRounds "7"]
[EventCountry "HUN"]
[WhiteClock "0:17:05"]
[BlackClock "0:15:51"]

1. d4 Nf6 2. c4 e6 3. Nf3 Bb4+ 4. Nbd2 O-O 5. a3 Be7 6. e4 d5 7. e5 Nfd7 8. Bd3
c5 9. Qc2 h6 10. O-O cxd4 11. Nb3 Nc6 12. Re1 a5 13. Nbxd4 Nxd4 14. Nxd4 dxc4
15. Qxc4 Nb6 16. Qc3 Bb4 17. axb4 axb4 18. Qxb4 Rxa1 19. Bc2 Nd5 20. Qb3 Nf4
21. Qe3 Rxc1 22. Qxc1 Qxd4 23. Re4 Qxe4 24. Bxe4 Ne2+ 25. Kf1 Nxc1 0-1

[Event "Korcsoportos Bajnokság u18f"]
[Site "Balatonlelle"]
[Date "2015.06.23"]
[Round "6.4"]
[White "Benedeczky, Lehel"]
[Black "Grimm, Gyorgy"]
[Result "1/2-1/2"]
[WhiteElo "2105"]
[BlackElo "2122"]
[PlyCount "36"]
[EventDate "2015.06.18"]
[EventType "swiss"]
[EventRounds "7"]
[EventCountry "HUN"]
[WhiteClock "1:04:25"]
[BlackClock "1:20:41"]

1. e4 e5 2. Nf3 Nc6 3. Bb5 Nf6 4. O-O Nxe4 5. d4 Nd6 6. Bxc6 dxc6 7. dxe5 Nf5
8. Qxd8+ Kxd8 9. h3 Ke8 10. Nc3 b6 11. Bf4 Ba6 12. Rfc1 Bb4 13. Ne4 Be2 14.
Nfd2 Bxd2 15. Nxd2 Nd4 16. Be3 Nf5 17. Bf4 Nd4 18. Be3 Nf5 1/2-1/2

[Event "Korcsoportos Bajnokság u18f"]
[Site "Balatonlelle"]
[Date "2015.06.23"]
[Round "6.5"]
[White "Berta, Sandor"]
[Black "Kassay, Krisztian"]
[Result "0-1"]
[WhiteElo "2217"]
[BlackElo "2123"]
[PlyCount "68"]
[EventDate "2015.06.18"]
[EventType "swiss"]
[EventRounds "7"]
[EventCountry "HUN"]
[WhiteClock "0:00:45"]
[BlackClock "0:11:01"]

1. e4 c5 2. Nf3 d6 3. d4 cxd4 4. Nxd4 Nf6 5. Nc3 a6 6. h3 e6 7. g4 Be7 8. g5
Nfd7 9. Be3 Nc6 10. h4 Nxd4 11. Qxd4 Ne5 12. O-O-O O-O 13. f4 Nc6 14. Qd2 b5
15. Qf2 Bb7 16. Rh3 Re8 17. h5 e5 18. Bb6 Qd7 19. Nd5 Rac8 20. Rc3 Nd4 21. Rxd4
Rxc3 22. Nxc3 exd4 23. Qxd4 Qg4 24. e5 dxe5 25. Qxe5 Bc6 26. Qe2 Qxf4+ 27. Be3
Qg3 28. Qd2 Bb4 29. Bf2 Qf3 30. g6 fxg6 31. hxg6 Rf8 32. gxh7+ Kh8 33. Qd4 Qxf2
34. Qxb4 Qe1+ 0-1

[Event "Korcsoportos Bajnokság u18f"]
[Site "Balatonlelle"]
[Date "2015.06.23"]
[Round "6.6"]
[White "Marton, Benedek"]
[Black "Egri, Laszlo Jr"]
[Result "0-1"]
[WhiteElo "1514"]
[BlackElo "2161"]
[PlyCount "54"]
[EventDate "2015.06.18"]
[EventType "swiss"]
[EventRounds "7"]
[EventCountry "HUN"]

1. e4 c5 2. Nf3 e6 3. d4 cxd4 4. Nxd4 a6 5. Be2 Nf6 6. Nd2 Qc7 7. O-O Bc5 8.
N4b3 Be7 9. a4 b6 10. Bf3 Nc6 11. c3 Bb7 12. Re1 Ne5 13. Nd4 O-O 14. h3 Rfd8
15. Qc2 Rac8 16. Be2 d5 17. exd5 Nxd5 18. N2f3 Bf6 19. Bg5 Nxf3+ 20. Nxf3 Qe7
21. Bxf6 Qxf6 22. Bd3 Nb4 23. Bxh7+ Kh8 24. Qb1 Bxf3 25. gxf3 Nd5 26. Be4 Nf4
27. Qc2 Qg5+ 0-1

[Event "Korcsoportos Bajnokság u18f"]
[Site "Balatonlelle"]
[Date "2015.06.23"]
[Round "6.7"]
[White "Radai, Zoltan Mate"]
[Black "Csendi, Balazs"]
[Result "1/2-1/2"]
[WhiteElo "1911"]
[BlackElo "1907"]
[PlyCount "75"]
[EventDate "2015.06.18"]
[EventType "swiss"]
[EventRounds "7"]
[EventCountry "HUN"]
[WhiteClock "0:01:06"]
[BlackClock "0:04:04"]

1. d4 Nf6 2. c4 e6 3. Nf3 b6 4. g3 Bb7 5. Bg2 c5 6. d5 exd5 7. cxd5 Bxd5 8. Nc3
Bxf3 9. Bxf3 Nc6 10. O-O Be7 11. e4 O-O 12. Bg2 c4 13. Be3 Rc8 14. f4 Nb4 15.
e5 Ne8 16. Be4 d6 17. Bf5 dxe5 18. Bxc8 Qxc8 19. fxe5 Nd3 20. Qa4 Bc5 21. Bxc5
Qxc5+ 22. Kg2 Nxb2 23. Qb5 Qxb5 24. Nxb5 a6 25. Nc3 b5 26. Nd5 g6 27. a3 Nd3
28. Nf6+ Kg7 29. Nd7 Rh8 30. Rf3 Nc7 31. Raf1 f5 32. exf6+ Kf7 33. Re3 Nd5 34.
Re2 Rd8 35. Ne5+ Nxe5 36. Rxe5 Rd6 37. g4 c3 38. g5 1/2-1/2

[Event "Korcsoportos Bajnokság u18f"]
[Site "Balatonlelle"]
[Date "2015.06.23"]
[Round "6.8"]
[White "Kiss, Peter"]
[Black "Majnay, Peter"]
[Result "1-0"]
[WhiteElo "2004"]
[BlackElo "1757"]
[PlyCount "43"]
[EventDate "2015.06.18"]
[EventType "swiss"]
[EventRounds "7"]
[EventCountry "HUN"]
[WhiteClock "1:00:31"]
[BlackClock "0:42:40"]

1. e4 e5 2. Nf3 Nc6 3. Bb5 a6 4. Bxc6 dxc6 5. O-O Bg4 6. h3 h5 7. d3 Qf6 8.
Nbd2 Ne7 9. Re1 Ng6 10. d4 Nf4 11. hxg4 hxg4 12. Nh2 Nxg2 13. Ndf1 Nxe1 14.
Qxe1 Bd6 15. d5 cxd5 16. exd5 O-O-O 17. Qe4 Rh4 18. Nxg4 Qe7 19. Qf5+ Kb8 20.
Bg5 Rxg4+ 21. Qxg4 f6 22. Be3 1-0

[Event "Korcsoportos Bajnokság u18f"]
[Site "Balatonlelle"]
[Date "2015.06.24"]
[Round "7.1"]
[White "Csati, Oliver"]
[Black "Kaczur, Florian"]
[Result "1/2-1/2"]
[WhiteElo "2131"]
[BlackElo "2332"]
[PlyCount "49"]
[EventDate "2015.06.18"]
[EventType "swiss"]
[EventRounds "7"]
[EventCountry "HUN"]
[WhiteClock "0:06:33"]
[BlackClock "0:34:55"]

1. e4 c5 2. Nf3 Nc6 3. d4 cxd4 4. Nxd4 d6 5. c4 Nf6 6. Nc3 e6 7. Be2 Be7 8. O-O
O-O 9. Kh1 a6 10. Be3 Rb8 11. f4 Nd7 12. Rb1 Qc7 13. Qd2 Nxd4 14. Bxd4 b6 15.
b3 Bb7 16. Bd3 Rfe8 17. Rbe1 Bf8 18. Qf2 Bc6 19. Qh4 e5 20. Be3 exf4 21. Bxf4
Ne5 22. Bb1 g6 23. Re3 Bg7 24. g4 Qe7 25. g5 1/2-1/2

[Event "Korcsoportos Bajnokság u18f"]
[Site "Balatonlelle"]
[Date "2015.06.24"]
[Round "7.2"]
[White "Kassay, Krisztian"]
[Black "Juhasz, Armin"]
[Result "1/2-1/2"]
[WhiteElo "2123"]
[BlackElo "2301"]
[PlyCount "32"]
[EventDate "2015.06.18"]
[EventType "swiss"]
[EventRounds "7"]
[EventCountry "HUN"]

1. e4 e6 2. d4 d5 3. Nc3 Nf6 4. e5 Nfd7 5. f4 c5 6. Nf3 Nc6 7. Be3 Be7 8. Be2
O-O 9. O-O b6 10. Kh1 f5 11. exf6 Nxf6 12. Ne5 Qc7 13. Rf3 Bb7 14. Rh3 a6 15.
Bd3 g6 16. Qf3 Nxe5 1/2-1/2

[Event "Korcsoportos Bajnokság u18f"]
[Site "Balatonlelle"]
[Date "2015.06.24"]
[Round "7.3"]
[White "Grimm, Gyorgy"]
[Black "Farkas, Richard"]
[Result "1/2-1/2"]
[WhiteElo "2122"]
[BlackElo "2277"]
[PlyCount "60"]
[EventDate "2015.06.18"]
[EventType "swiss"]
[EventRounds "7"]
[EventCountry "HUN"]
[WhiteClock "0:00:35"]
[BlackClock "0:01:06"]

1. e4 c5 2. Nf3 e6 3. d4 cxd4 4. Nxd4 a6 5. Bd3 Nf6 6. O-O d6 7. c4 Be7 8. Nc3
O-O 9. Qe2 Qc7 10. h3 Nbd7 11. Nf3 b6 12. Bf4 Bb7 13. Rac1 Ne5 14. Nxe5 dxe5
15. Be3 Bc5 16. Bxc5 Qxc5 17. a3 Rad8 18. b4 Qc6 19. Qe3 Nh5 20. b5 Qd6 21.
Rcd1 Qxa3 22. Be2 Rxd1 23. Bxd1 Nf4 24. Qxb6 Ba8 25. Qe3 axb5 26. Nxb5 Qb2 27.
g3 Ng6 28. Bf3 Ne7 29. Qd3 Qa2 30. Bg2 Nc6 1/2-1/2